Catálogo

Pablo Picasso a retrospective / (Registro nro. 65155)

Detalles MARC
000 -LEADER
fixed length control field 01155cam a2200313 i 4500
001 - CONTROL NUMBER
control field 65155
003 - CONTROL NUMBER IDENTIFIER
control field Mx-PuUPA
005 - DATE AND TIME OF LATEST TRANSACTION
control field 20221110122737.0
008 - FIXED-LENGTH DATA ELEMENTS--GENERAL INFORMATION
fixed length control field 030303s1980 nyua gr 000 0 eng d
017 ## - COPYRIGHT OR LEGAL DEPOSIT NUMBER
Copyright or legal deposit number D.L.SE.23-2003
020 ## - INTERNATIONAL STANDARD BOOK NUMBER
International Standard Book Number 870705288
Qualifying information encuadernado en tela
040 ## - CATALOGING SOURCE
Original cataloging agency Mx-PuUPA
Language of cataloging spa
Transcribing agency Mx-PuUPA
Modifying agency Mx-PuUPA
Description conventions rda
041 0# - LANGUAGE CODE
Language code of text/sound track or separate title eng
245 10 - TITLE STATEMENT
Title Pablo Picasso a retrospective /
Statement of responsibility, etc. edited by William Rubin ; chronology by Jane Fluegel
264 #1 - PRODUCTION, PUBLICATION, DISTRIBUTION, MANUFACTURE, AND COPYRIGHT NOTICE
Place of production, publication, distribution, manufacture New York, New York :
Name of producer, publisher, distributor, manufacturer The Museum of Modern Art,
Date of production, publication, distribution, manufacture, or copyright notice ©1980
300 ## - PHYSICAL DESCRIPTION
Extent 463 páginas :
Other physical details ilustraciones (principalmente en blanco y negro) ;
Dimensions 29 cm
336 ## - CONTENT TYPE
Fuente rdacontent
Content type term texto
Content type code txt
337 ## - MEDIA TYPE
Source rdamedia
Media type term sin medio
Media type code n
338 ## - CARRIER TYPE
Source rdacarrier
Carrier type term volumen
Carrier type code nc
650 #7 - SUBJECT ADDED ENTRY--TOPICAL TERM
Source of heading or term armarc
Topical term or geographic name entry element Museo de arte moderno (Nueva York, Ny)
Form subdivision Catálogos
650 #7 - SUBJECT ADDED ENTRY--TOPICAL TERM
Source of heading or term armarc
Topical term or geographic name entry element Arte
Geographic subdivision Nueva York (Estado)
Form subdivision Catálogos
700 1# - ADDED ENTRY--PERSONAL NAME
Personal name Rubin, William,
Relator term editor
700 1# - ADDED ENTRY--PERSONAL NAME
Personal name Fluegel, Jane,
Relator term Investigador
942 ## - ADDED ENTRY ELEMENTS (KOHA)
Source of classification or shelving scheme Dewey Decimal Classification
Koha item type Libro
Classification part 709.22
Item part P112
Existencias
Withdrawn status Lost status Source of classification or shelving scheme Damaged status Not for loan Collection code Home library Current library Shelving location Date acquired Source of acquisition Total Checkouts Full call number Barcode Date last seen Price effective from Koha item type
    Dewey Decimal Classification     General Biblioteca Karol Wojtyla Biblioteca Karol Wojtyla Sala general 03/12/2013 Compra   709.22 P112 1980 63960 05/01/2026 03/12/2013 Libro